000 00769nam a22002057a 4500
005 20260330092028.0
008 220712b ||||| |||| 00| 0 eng d
020 _a9786218219045
082 _2
_aDFil 363.25 Sp313 2020
_b
245 _aSpecial crime investigation 1 with legal medicine/
_cAmador Q. Astilla and three others
260 _aNueva Ecija, Philippines:
_bMindshaper Publishing House,
_c2020.
300 _ai, 159 pages:
_billustrations;
_c25 cm.
650 _aCriminal investigation.
_945705
650 _aMedical jurisprudence.
_945706
650 _aForensic sciences.
_945707
700 _aParreƱo, Jasmin L.,
_eauthor
_945708
700 _aFagela, Carlito R. Jr.,
_eauthor
_945709
700 _aGallo, Rosalyn A.,
_eauthor
_945710
942 _2ddc
_cDFIL
999 _c17200
_d17200